Si facile - Casseurs Flowters - Paroles - Statistiques

Statistiques générales
  • Ce quiz a été pris 21 fois
  • Le résultat moyen est 427 sur 595
Statistiques - réponses
Réponse % Correct
à
100%
A
100%
au
100%
autres
100%
c'était
100%
échoué?
100%
facile,
100%
ferait
100%
jamais
100%
le
100%
Le
100%
les
100%
l'monde
100%
ne
100%
n'en
100%
on
100%
ont
100%
100%
Ou
100%
Oublie
100%
pour
100%
prétentieux,
100%
Qui
100%
qui
100%
réussir
100%
rêves
100%
se
100%
serais
100%
Si
100%
si
100%
sur
100%
sûr,
100%
te
100%
terre
100%
tes
100%
t'es
100%
T'es
100%
tous
100%
tout
100%
Tout
100%
tu
100%
Tu
100%
redescends
93%
reviendras
93%
de
87%
et
80%
Et
80%
pas
80%
que
80%
Que
80%
va
80%
B
73%
deux
73%
en
73%
En
73%
la
73%
73%
leur
73%
par
73%
qu'à
73%
secondes
73%
secondes?
73%
un
73%
Un
73%
vas
73%
Comme
67%
comme
67%
Des
67%
des
67%
67%
du
67%
jour,
67%
plus
67%
Plus
67%
qu'tu
67%
ta
67%
t'as
67%
T'as
67%
temps
67%
temps,
67%
toi,
67%
toi
67%
Vas-y,
67%
vas-y,
67%
Bien
60%
ces
60%
c'est
60%
coins
60%
critiquer
60%
dans
60%
dira
60%
d'la
60%
être
60%
faire
60%
Faire
60%
fais
60%
finir
60%
Ils
60%
ils
60%
jours,
60%
même
60%
nu,
60%
nul,
60%
nul?
60%
nulle
60%
part,
60%
potes,
60%
Prends
60%
pute,
60%
Quand
60%
quelques
60%
recul,
60%
rêvant
60%
rue,
60%
rue
60%
seras
60%
simules
60%
t'effondres
60%
tombe
60%
aussi
53%
aux
53%
Avec
53%
avec
53%
ça
53%
comment
53%
compte
53%
Compte
53%
con
53%
c'que
53%
croire
53%
devenir
53%
droit
53%
espoir
53%
fait
53%
finiras
53%
fonce
53%
gens
53%
jouer
53%
main
53%
mais
53%
Mais
53%
perdre
53%
Petit
53%
priant
53%
puis
53%
qu'elle
53%
qu'il
53%
qu'ils
53%
Qu'ils
53%
rap
53%
rap,
53%
retourné
53%
spectacle
53%
t'en
53%
tiens
53%
toujours
53%
veste,
53%
vrai
53%
as
47%
Besoin
47%
besoin
47%
changes
47%
costards
47%
courte
47%
Critiqueront
47%
croises
47%
Demande
47%
diront
47%
donne-toi
47%
échelle
47%
essaye
47%
Essaye
47%
est
47%
eux
47%
fame
47%
gars
47%
gradins
47%
gratte
47%
honnête,
47%
j'en
47%
juste
47%
l'bienvenu
47%
lève-toi
47%
mets
47%
moindre
47%
nouveaux
47%
passants
47%
passent
47%
personne
47%
quart
47%
qu'la
47%
retombe
47%
tailleront
47%
t'apprendre
47%
t'autosucer
47%
tendre
47%
textes
47%
tienne
47%
touche
47%
trop
47%
veulent
47%
virgule
47%
vois
47%
barge
40%
bon,
40%
cap
40%
chialer
40%
dents,
40%
dents
40%
d'être
40%
d'leur
40%
d'réconfort,
40%
d'thunes
40%
était
40%
face,
40%
fragile,
40%
gosses
40%
histoire
40%
large
40%
l'ombre
40%
lumière
40%
Montre-leur
40%
mur
40%
ni
40%
nous
40%
n'rattrape
40%
Ouais,
40%
prendre
40%
puisque
40%
qu'on
40%
rendra
40%
répéteras
40%
repoussent
40%
retards
40%
rien
40%
route,
40%
semblant
40%
talent
40%
tard
40%
train
40%
trouve
40%
type
40%
auront
33%
côté
33%
d'avoir
33%
d'bourgeois
33%
d'dire
33%
demandes
33%
du-per,
33%
faim,
33%
fan,
33%
force
33%
insultes
33%
J'suis
33%
l'heure,
33%
maintenant
33%
mène
33%
parpaings
33%
passée,
33%
plaque
33%
rêvais
33%
rêvent
33%
ridicule
33%
sapes
33%
top
33%
tourneront
33%
cette
27%
dormiras
27%
flattent
27%
grandeur
27%
j'vois,
27%
l'chemin
27%
merde,
27%
place
27%
qu'allions
27%
qu't'es
27%
qu'tous
27%
sacrifices?
27%
T'auras
27%
toute
27%
toutes
27%
attacheront
20%
aucun
20%
cash
20%
depuis
20%
l'autotuner
20%
l'trac
20%
mérites
20%
mettras
20%
N'attends
20%
parcouru,
20%
Sache
20%
t'péter
20%
crampes
13%
d'estomac,
13%
douter
13%
J'espère
13%
D'abord,
7%
n'le
7%
rentre
7%
T'te
7%
Aucun quiz correspondant
Distribution des résultats
% des personnes avec chaque résultat
Percentile par nombre de réponses
Votre historique - résultats
Vous n’avez pas pris ce quiz